[Event "Odysseus Autumn"]
[Site "Soborg"]
[Date "2004.09.09"]
[Round "2"]
[White "Hansen, Morten Moller"]
[Black "Nielsen, Jesper Arwid"]
[Result "1/2-1/2"]
[WhiteElo "2013"]
[BlackElo "2093"]
[PlyCount "68"]
[EventDate "2004.09.02"]
[EventType "tourn"]
[EventRounds "5"]
[EventCountry "DEN"]
[SourceTitle "EXT 2023"]
[Source "ChessBase"]
[SourceDate "2022.10.05"]
[SourceVersion "1"]
[SourceVersionDate "2022.10.05"]
[SourceQuality "1"]

1. d4 Nf6 2. c4 c5 3. d5 b5 4. Qc2 bxc4 5. e4 d6 6. Bxc4 g6 7. Bd2 Bg7 8. Bc3 0-0 9. Ne2 Nbd7 10. Nd2 Nb6 11. 0-0 Re8 12. Rad1 Bd7 13. Ba6 Na4 14. Nc4 Nxc3 15. Nxc3 Rb8 16. h3 Rf8 17. Qe2 Ne8 18. Rd2 Nc7 19. Na3 Nxa6 20. Qxa6 Rb4 21. Nab1 Qb8 22. Qe2 a5 23. b3 Qb6 24. Re1 Rb8 25. Rc2 a4 26. bxa4 Bxa4 27. Nxa4 Rxa4 28. Nd2 Qa6 29. Qxa6 Rxa6 30. Nc4 Bd4 31. Kf1 Rba8 32. a3 Kg7 33. Rb1 R8a7 34. Rb3 h5 1/2-1/2

[Event "Odysseus EMT"]
[Site "Soborg"]
[Date "2000.04.??"]
[Round "4"]
[White "Nielsen, Jesper Arwid"]
[Black "Bronnum, Jan"]
[Result "1-0"]
[WhiteElo "2080"]
[BlackElo "2185"]
[PlyCount "155"]
[EventDate "2000.04.27"]
[EventType "swiss"]
[EventRounds "5"]
[EventCountry "DEN"]
[SourceTitle "EXT 2023"]
[Source "ChessBase"]
[SourceDate "2022.10.05"]
[SourceVersion "1"]
[SourceVersionDate "2022.10.05"]
[SourceQuality "1"]

1. e4 d5 2. exd5 Qxd5 3. Nc3 Qa5 4. d4 Nf6 5. Nf3 c6 6. Bc4 Bf5 7. Ne5 e6 8. g4 Bg6 9. Bd2 Qb6 10. Qe2 Bb4 11. 0-0-0 Nbd7 12. Nxd7 Kxd7 13. Na4 Bxd2+ 14. Rxd2 Qc7 15. Nc5+ Kc8 16. h4 h5 17. g5 Nd7 18. Bxe6 fxe6 19. Qxe6 Bh7 20. d5 Rd8 21. d6 Qa5 22. Nxd7 Rxd7 23. g6 Bxg6 24. Qxg6 Qxa2 25. Qe8+ Rd8 26. d7+ Kc7 27. Qe5+ Kb6 28. Qd4+ Kc7 29. Qd6+ Kb6 30. Rd3 Qa1+ 31. Kd2 Qa5+ 32. c3 Qf5 33. f4 a5 34. Re1 Qb5 35. Kc1 Ka6 36. Re5 Qa4 37. Kb1 Qb3 38. Qc7 Qb6 39. Qxb6+ Kxb6 40. Re7 Rg8 41. Kc2 Rad8 42. Kd2 Kc7 43. Ke3 g6 44. Ke4 Rgf8 45. Rg7 Rf6 46. Rd4 Re6+ 47. Kf3 b5 48. Rd3 c5 49. Rd5 Kc6 50. Rg5 Rxd7 51. Rxd7 Kxd7 52. Rxc5 Rb6 53. Ke4 b4 54. Rxa5 bxc3 55. bxc3 Rc6 56. Kd4 Rf6 57. Ra7+ Kc8 58. Ke5 Rb6 59. c4 Rb2 60. Ra4 Rf2 61. c5 Rc2 62. Kd6 Rd2+ 63. Kc6 Kd8 64. Ra8+ Ke7 65. Rg8 Kf7 66. Rh8 Rd4 67. Kb7 Rb4+ 68. Kc7 Rxf4 69. c6 Rxh4 70. Rd8 Rc4 71. Kb7 Rb4+ 72. Ka6 Ra4+ 73. Kb5 Ra7 74. Kb6 Ra1 75. Rd5 Rb1+ 76. Rb5 Re1 77. c7 h4 78. Rc5 1-0

[Event "P&V Cup"]
[Site "Tjalfe"]
[Date "1995.??.??"]
[Round "?"]
[White "Nielsen, Jesper Arwid"]
[Black "Hoi, Carsten"]
[Result "0-1"]
[WhiteElo "2210"]
[BlackElo "2415"]
[PlyCount "88"]
[EventDate "1995.??.??"]
[EventType "tourn"]
[EventRounds "9"]
[EventCountry "DEN"]
[EventCategory "5"]
[SourceTitle "EXT 1999"]
[Source "ChessBase"]
[SourceDate "1998.11.16"]
[SourceVersion "1"]
[SourceVersionDate "1998.11.16"]
[SourceQuality "1"]

1. e4 d6 2. d4 Nf6 3. Nc3 g6 4. Be3 c6 5. Qd2 b5 6. f3 Nbd7 7. Bd3 a6 8. Nd1 Bg7 9. Ne2 e5 10. c3 Qe7 11. Nf2 d5 12. 0-0 Bb7 13. Rae1 dxe4 14. fxe4 0-0 15. Bg5 Qd6 16. Qc1 Rae8 17. Bc2 c5 18. d5 c4 19. Ng3 Bc8 20. Bh6 Nc5 21. Qg5 Bxh6 22. Qxh6 Kh8 23. Qe3 Bd7 24. h3 a5 25. a3 Rb8 26. Nd1 Ng8 27. Rf3 f6 28. Ref1 b4 29. axb4 axb4 30. cxb4 Rxb4 31. Ne2 Ba4 32. Bxa4 Rxa4 33. Nc1 Rb8 34. g4 Qb6 35. R1f2 Ra1 36. Kg2 Nxe4 37. Qxe4 Rxc1 38. Nc3 Qd4 39. Qe2 Kg7 40. Re3 Rxb2 41. Qxb2 Qxe3 42. Qb7+ Kh8 43. Nb5 Qe4+ 44. Kg3 Rg1+ 0-1